000
00311nam a22001337a 4500
008
181031b xxu||||| |||| 00| 0 eng d
020
_a
9780136446002
041
_a
eng
080
_a
159.9
100
_a
50
101
_a
PSI
245
_a
Women Gender Transforming Psychology
_c
Yoder.J.D
942
_2
udc
_c
BK
999
_c
51262
_d
51262